[Event "Reykjavik Open 2024"]
[Site "Reykjavik ISL"]
[Date "2024.03.16"]
[Round "3.50"]
[White "Klimkowski, Jan"]
[Black "Weigand, Anton"]
[Result "1-0"]
[WhiteTitle "IM"]
[WhiteElo "2532"]
[BlackElo "2036"]
[WhiteFideId "21856222"]
[BlackFideId "16221915"]
[EventDate "2024.03.15"]

1. d4 Nf6 2. c4 e6 3. Nc3 Bb4 4. e3 b6 5. Bd3 Bb7 6. Nf3 Bxc3+ 7. bxc3 c5 8. Qc2
d6 9. e4 Nbd7 10. O-O e5 11. Nh4 g6 12. f4 Nh5 13. Qf2 Qe7 14. fxe5 dxe5 15. d5
f6 16. Be2 Ng7 17. Bh6 Ba6 18. a4 O-O 19. a5 Rfb8 20. Qg3 Bc8 21. a6 Nf8 22. Rf2
g5 23. d6 Qd7 24. Nf5 Nxf5 25. exf5 Qxd6 26. h4 1-0

[Event "Reykjavik Open 2024"]
[Site "Reykjavik ISL"]
[Date "2024.03.16"]
[Round "3.51"]
[White "Bulmaga, Irina"]
[Black "Saemundsson, Bjarni"]
[Result "1-0"]
[WhiteTitle "IM"]
[WhiteElo "2429"]
[BlackElo "1903"]
[WhiteFideId "13903063"]
[BlackFideId "2302900"]
[EventDate "2024.03.15"]

1. e4 e5 2. Nf3 Nc6 3. d4 exd4 4. Nxd4 Nf6 5. Nxc6 bxc6 6. Nd2 Bc5 7. Nb3 Nxe4
8. Nxc5 Nxc5 9. Be3 Qe7 10. Qg4 O-O 11. O-O-O d5 12. Qh5 a5 13. Bd3 Nxd3+ 14.
Rxd3 Be6 15. Re1 Rab8 16. Bd4 Qd6 17. Rde3 Bd7 18. Be5 Qg6 19. Qd1 f6 20. Bxc7
Ra8 21. a4 Rfc8 22. Bb6 Rcb8 23. Qd4 Rb7 24. Bc5 Rab8 25. b3 Bf5 26. Qc3 h6 27.
h3 Ra8 28. g4 Bd7 29. Re7 Qg5+ 30. Kb2 Qf4 31. Qd3 Qb8 32. Rxg7+ Kxg7 33. Re7+
Kf8 34. Rh7+ 1-0

[Event "Reykjavik Open 2024"]
[Site "Reykjavik ISL"]
[Date "2024.03.16"]
[Round "3.52"]
[White "Ruiz Buendia, Miguel"]
[Black "Scotti, Martin"]
[Result "1-0"]
[WhiteTitle "FM"]
[WhiteElo "2366"]
[BlackElo "1885"]
[WhiteFideId "24537675"]
[BlackFideId "551035065"]
[EventDate "2024.03.15"]

1. e4 c5 2. Nf3 d6 3. d4 cxd4 4. Nxd4 Nf6 5. Nc3 a6 6. Bg5 e6 7. f4 h6 8. Bh4
Qb6 9. a3 Nbd7 10. Bf2 Qc7 11. Qf3 b5 12. O-O-O Bb7 13. g4 d5 14. e5 Ne4 15.
Nxe4 dxe4 16. Qe3 Be7 17. h4 Rc8 18. Be1 Bd5 19. Kb1 Nb6 20. Ba5 Nc4 21. Bxc4
Qxc4 22. b3 Qc5 23. Bb4 Qc7 24. Bxe7 Qxe7 25. Kb2 Qc5 26. Rhf1 a5 27. Qe2 Qc3+
28. Kb1 Bc4 29. bxc4 bxc4 30. Ka2 Rb8 31. Rb1 O-O 32. Nb5 Qh3 33. Nd6 c3 34.
Nxe4 Rb2+ 35. Rxb2 cxb2 36. Kxb2 Rb8+ 37. Ka2 Qxh4 38. Rb1 1-0

[Event "Reykjavik Open 2024"]
[Site "Reykjavik ISL"]
[Date "2024.03.16"]
[Round "3.53"]
[White "Carey, Michael"]
[Black "Pigott, John C"]
[Result "0-1"]
[BlackTitle "IM"]
[WhiteElo "1880"]
[BlackElo "2326"]
[WhiteFideId "30923760"]
[BlackFideId "400459"]
[EventDate "2024.03.15"]

1. Nf3 Nf6 2. c4 e6 3. Nc3 d5 4. e3 b6 5. cxd5 exd5 6. b3 Bd6 7. Bb2 O-O 8. Rc1
a6 9. g3 Bb7 10. d4 Nbd7 11. Bg2 Re8 12. O-O Rc8 13. Ne2 Ne4 14. Nf4 Qe7 15. Nd3
c5 16. Nde5 f6 17. Nxd7 Qxd7 18. Nd2 Nxd2 19. Qxd2 c4 20. Qe2 b5 21. Qh5 f5 22.
bxc4 g6 23. Qf3 bxc4 24. Bc3 Qa4 25. Rb1 Bc6 26. Rb6 Rb8 27. Rfb1 Qc2 28. R1b2
Qxc3 29. Rxc6 Rxb2 30. Rxd6 Rb1+ 31. Bf1 Qe1 32. Qxd5+ Kh8 33. Qxc4 Rb2 0-1

[Event "Reykjavik Open 2024"]
[Site "Reykjavik ISL"]
[Date "2024.03.16"]
[Round "3.54"]
[White "Ferzli, Michael"]
[Black "Gramb, Marius"]
[Result "1-0"]
[WhiteElo "1879"]
[BlackElo "2142"]
[WhiteFideId "5310288"]
[BlackFideId "24656593"]
[EventDate "2024.03.15"]

1. d4 Nf6 2. c4 e6 3. g3 d5 4. Bg2 Bb4+ 5. Nd2 O-O 6. Nf3 b6 7. O-O Bb7 8. a3
Be7 9. cxd5 exd5 10. b4 a5 11. b5 c6 12. Qa4 cxb5 13. Qxb5 Ba6 14. Qb2 Nfd7 15.
Re1 Nc6 16. e4 dxe4 17. Nxe4 Bc4 18. Bf4 Rc8 19. Nd6 Bxd6 20. Bxd6 Re8 21. Rxe8+
Qxe8 22. Re1 Qd8 23. Nd2 Ba6 24. Bh3 Ncb8 25. Qb3 Rc6 26. Bxd7 Nxd7 27. Re7 Qf8
28. Rxd7 Rxd6 29. Ra7 Bc8 30. d5 Qe8 31. Nf3 h6 32. Ra8 b5 33. Qc3 Rd8 34. Qc7
Kh7 35. d6 Bh3 36. Qxd8 Qe2 37. Ng5+ hxg5 38. Qh8+ Kg6 39. Qxh3 Qd1+ 40. Qf1
Qxd6 41. Qb1+ f5 42. Qxb5 Qxa3 43. Ra6+ Kh5 44. Qe2+ g4 45. Qe8+ 1-0

[Event "Reykjavik Open 2024"]
[Site "Reykjavik ISL"]
[Date "2024.03.16"]
[Round "3.55"]
[White "Rittmann, Dirk"]
[Black "Fanos, Haralambos"]
[Result "0-1"]
[WhiteElo "2103"]
[BlackElo "1872"]
[WhiteFideId "4629574"]
[BlackFideId "4249208"]
[EventDate "2024.03.15"]

1. e4 e5 2. Nf3 Nf6 3. Nxe5 d6 4. Nf3 Nxe4 5. Qe2 Qe7 6. d3 Nf6 7. Bg5 Nbd7 8.
Nc3 Qxe2+ 9. Bxe2 Be7 10. O-O-O c6 11. h3 O-O 12. Rhe1 Re8 13. Bf1 Kf8 14. Ne4
h6 15. Bf4 d5 16. Nd6 Rd8 17. Nf5 Bc5 18. d4 Bb6 19. Bd6+ Kg8 20. Be7 Ne4 21.
Bxd8 Bxd8 22. Ng3 Ba5 23. Nxe4 Bxe1 24. Rxe1 dxe4 25. Rxe4 Nf6 26. Re5 Be6 27.
b3 Rd8 28. c3 Nd5 29. Kd2 Nf4 30. h4 Ng6 31. Re1 Bd5 32. h5 Nf4 33. Re5 c5 34.
Ke3 Ne6 35. dxc5 Nxc5 36. c4 Bxf3 37. Rxc5 Bc6 38. Ke2 Kf8 39. Re5 f6 40. Re3
Rd4 41. Ke1 Rh4 42. Rh3 Rg4 43. f3 Rd4 44. Be2 a5 45. Rh1 Ke7 46. Rh3 Bd7 47. g4
Kd6 48. Bd1 Bc6 49. Rh2 Ke5 50. Re2+ Kd6 51. Re3 Kc5 52. Re7 Rd7 53. Rxd7 Bxd7
54. Kd2 Kb4 55. Kd3 b5 56. cxb5 Bxb5+ 57. Kd4 Bc6 58. f4 Bb7 59. Kd3 Bd5 60. Kd4
Bb7 61. Kd3 Bd5 62. Kd4 Bb7 63. a3+ Kxa3 64. Kc5 Kb2 65. Kb6 Bd5 66. Kxa5 Kc1
67. Be2 Bxb3 68. Kb4 Kd2 0-1

[Event "Reykjavik Open 2024"]
[Site "Reykjavik ISL"]
[Date "2024.03.16"]
[Round "3.56"]
[White "Tinkler, Paul"]
[Black "Pollack, Oscar"]
[Result "1/2-1/2"]
[WhiteElo "1872"]
[BlackElo "2092"]
[WhiteFideId "30961289"]
[BlackFideId "429414"]
[EventDate "2024.03.15"]

1. e4 e6 2. d4 d5 3. e5 c5 4. Nf3 cxd4 5. Bd3 Nc6 6. O-O Nge7 7. Re1 Ng6 8. Nbd2
Qc7 9. Bxg6 hxg6 10. Nb3 Bd7 11. Nbxd4 Nxd4 12. Nxd4 O-O-O 13. Bf4 f6 14. Bg3
Qb6 15. Nb3 g5 16. Qd4 Qxd4 17. Nxd4 f5 18. f3 Bc5 19. Bf2 Rh6 20. h3 Rdh8 21.
Nb3 Bxf2+ 22. Kxf2 Rh4 23. Rad1 g4 24. hxg4 fxg4 25. f4 R4h5 26. Kg3 g5 27. Rd4
Rf8 28. fxg5 Rxg5 29. Rf4 Rff5 30. Rxf5 Rxf5 31. Nd4 Rg5 32. Kf4 Rg8 33. Rh1
Rf8+ 34. Kg3 Kd8 35. Re1 Ke7 36. Kxg4 Be8 37. Kg3 Bg6 38. Rh1 Be4 39. Nf3 Kd7
40. c3 b5 41. Rh5 a5 42. Rg5 Rf7 43. a3 Rh7 44. Nd4 Bd3 45. Kf2 Rh4 46. Rg7+ Kc8
47. Ke3 Bf5 48. Nxb5 Re4+ 49. Kf3 Rxe5 50. Nd6+ Kb8 51. Kf4 Re2 52. Nxf5 exf5
53. b4 Ra2 54. bxa5 Rxa3 55. Kxf5 Rxa5 56. Ke5 Ra3 57. Kd4 Kc8 58. Rg5 Ra4+ 59.
Kd3 Ra5 60. Rg7 Kd8 61. g4 Ra4 62. g5 Rg4 63. Ke3 Ke8 64. Kf3 Rc4 65. Ke3 Rxc3+
66. Kd4 Kf8 67. Rd7 Rc1 68. Rxd5 Rd1+ 69. Ke5 Rxd5+ 70. Kxd5 1/2-1/2

[Event "Reykjavik Open 2024"]
[Site "Reykjavik ISL"]
[Date "2024.03.16"]
[Round "3.57"]
[White "Briem, Benedikt"]
[Black "Smith, Alexander"]
[Result "1-0"]
[WhiteElo "2102"]
[BlackElo "1857"]
[WhiteFideId "2315432"]
[BlackFideId "30996910"]
[EventDate "2024.03.15"]

1. d4 Nf6 2. c4 c5 3. Nf3 cxd4 4. Nxd4 b6 5. Nc3 Bb7 6. f3 e6 7. e4 Nc6 8. Be3
Be7 9. Be2 O-O 10. O-O Nxd4 11. Bxd4 Qc7 12. Kh1 Rfd8 13. Rc1 Rac8 14. Qd2 Qb8
15. Rfd1 h6 16. Bf1 Nh5 17. Qe1 d6 18. b3 Nf4 19. a4 Ng6 20. Bd3 Ne5 21. Bb1 Nc6
22. Be3 Na5 23. Ba2 Bf6 24. Bf4 Be5 25. Bxe5 dxe5 26. Rxd8+ Rxd8 27. b4 Nc6 28.
Nb1 Qd6 29. c5 bxc5 30. b5 Nb4 31. Bc4 Qd4 32. h3 Qb2 33. Qc3 Qxc3 34. Nxc3 Rd2
35. a5 Kf8 36. Na4 Nc2 37. Nxc5 Bc8 38. Nb3 1-0

[Event "Reykjavik Open 2024"]
[Site "Reykjavik ISL"]
[Date "2024.03.16"]
[Round "3.58"]
[White "Sivanandan, Bodhana"]
[Black "Demir, Hilmi Mustafa"]
[Result "1/2-1/2"]
[WhiteTitle "WCM"]
[WhiteElo "2088"]
[BlackElo "1842"]
[WhiteFideId "497592"]
[BlackFideId "6303099"]
[EventDate "2024.03.15"]

1. e4 e5 2. Nf3 Nc6 3. Nc3 Nf6 4. d4 exd4 5. Nxd4 Bb4 6. Nxc6 bxc6 7. Bd3 O-O 8.
O-O d5 9. exd5 cxd5 10. h3 Re8 11. Qf3 c6 12. Bf4 Bd6 13. Ne2 Bxf4 14. Nxf4 Qe7
15. b3 a5 16. c4 Be6 17. Rfe1 Qd7 18. Rad1 a4 19. Bc2 axb3 20. Bxb3 Qb7 21. cxd5
cxd5 22. Nxd5 Bxd5 23. Rxe8+ Rxe8 24. Bxd5 Nxd5 25. Qxd5 Qxd5 26. Rxd5 Re1+ 27.
Kh2 h5 28. a4 Ra1 29. Rd4 Ra3 30. f3 g6 31. Kg3 Ra2 32. h4 Kg7 33. Kh3 Ra3 34.
Rf4 Rb3 35. g4 hxg4+ 36. Kxg4 Rb1 37. Rc4 Ra1 38. Kf4 Ra3 39. Ke4 Kh6 40. f4 Kh5
41. Ke5 f5 42. Kf6 Ra1 43. Kg7 Ra3 44. Rb4 Ra1 45. Rc4 Ra3 46. Rb4 Ra1 1/2-1/2

[Event "Reykjavik Open 2024"]
[Site "Reykjavik ISL"]
[Date "2024.03.16"]
[Round "3.59"]
[White "Payne, Matthew J"]
[Black "Ingason, Sigurdur"]
[Result "1-0"]
[WhiteElo "2077"]
[BlackElo "1840"]
[WhiteFideId "417084"]
[BlackFideId "2301709"]
[EventDate "2024.03.15"]

1. e4 e5 2. Nf3 Nf6 3. d4 Nxe4 4. Bd3 Nc6 5. Nxe5 Nxe5 6. dxe5 Nc5 7. O-O d6 8.
Re1 Be6 9. Bf4 dxe5 10. Bxe5 Nxd3 11. cxd3 Qd7 12. Qf3 O-O-O 13. Rc1 Bd6 14.
Bxd6 Qxd6 15. Rc3 h5 16. Na3 Qd5 17. Qf4 Rd7 18. Rac1 c6 19. b4 Qd4 20. Qd2 Bd5
21. Nc2 Qf6 22. Ne3 Qg5 23. Qb2 f5 24. b5 f4 25. Nxd5 Rxd5 26. bxc6 b6 27. Qa3
Ra5 28. Qd6 1-0

[Event "Reykjavik Open 2024"]
[Site "Reykjavik ISL"]
[Date "2024.03.16"]
[Round "3.60"]
[White "Keenan, Alex"]
[Black "Jaksland, Tim"]
[Result "0-1"]
[BlackTitle "FM"]
[WhiteElo "1839"]
[BlackElo "2076"]
[WhiteFideId "2409518"]
[BlackFideId "1401084"]
[EventDate "2024.03.15"]

1. e4 e5 2. Nf3 Nc6 3. Bb5 a6 4. Ba4 Nf6 5. O-O d6 6. Bxc6+ bxc6 7. d4 exd4 8.
Qxd4 c5 9. Qd3 Be7 10. c4 O-O 11. Nc3 Bb7 12. Re1 Nd7 13. Bf4 Bf6 14. e5 dxe5
15. Nxe5 Nxe5 16. Qxd8 Nf3+ 17. gxf3 Rfxd8 18. Bxc7 Rd2 19. Ne4 Bxe4 20. Rxe4
Bd4 21. Bg3 Rxb2 22. Rae1 h6 23. R4e2 Rxe2 24. Rxe2 Ra7 25. Kg2 Rb7 26. Bd6 Rb4
27. Rc2 Kh7 28. Kg3 Rb6 29. Bc7 Rc6 30. Bb8 Rb6 31. Bc7 Rc6 32. Bb8 Rg6+ 33. Kf4
Re6 34. h4 Kg6 35. Kg4 h5+ 36. Kg3 Kf5 37. Kg2 Rb6 38. Bc7 Rb7 39. Bd6 Rb6 40.
Bc7 Rb1 41. Bd6 f6 42. Bf8 g6 43. Bd6 Rb6 44. Bc7 Rb7 45. Bd6 g5 46. hxg5 fxg5
47. Re2 h4 48. Kh3 Rb6 49. Bc7 Rb1 50. Kg2 Rc1 0-1

[Event "Reykjavik Open 2024"]
[Site "Reykjavik ISL"]
[Date "2024.03.16"]
[Round "3.61"]
[White "Owen, Garth I"]
[Black "Fridjonsson, Julius"]
[Result "0-1"]
[WhiteElo "1834"]
[BlackElo "2070"]
[WhiteFideId "10700382"]
[BlackFideId "2300842"]
[EventDate "2024.03.15"]

1. c4 c6 2. g3 d5 3. Bg2 Nf6 4. d4 Bf5 5. Nf3 e6 6. O-O Nbd7 7. cxd5 exd5 8. Nc3
Be7 9. Nh4 Be6 10. f4 Nb6 11. Nf3 Nc4 12. Ne5 Nd6 13. Qc2 Bf5 14. Qa4 O-O 15.
Nd1 Re8 16. Nf2 Nde4 17. Nxe4 Bxe4 18. Qd1 Bxg2 19. Kxg2 Ne4 20. e3 Bd6 21. a3
f6 22. Ng4 Qb6 23. Nf2 a5 24. Nxe4 Rxe4 25. Rf2 a4 26. Rc2 Ra5 27. Bd2 Rb5 28.
Rb1 Bxa3 29. Ra1 Bf8 30. Rxa4 Rxb2 31. Ra1 Rb3 32. Rca2 Rb2 33. Rxb2 Qxb2 34.
Rb1 Qa2 35. Rxb7 Rxe3 36. Qh5 Re7 37. Rxe7 Bxe7 38. Qe8+ Bf8 39. Qe3 Qc2 40. Kh3
h5 41. Qe6+ Kh7 42. Be3 Qe4 43. Qxe4+ dxe4 44. g4 g6 45. f5 Bh6 46. Bg1 Bd2 47.
Kh4 e3 0-1

[Event "Reykjavik Open 2024"]
[Site "Reykjavik ISL"]
[Date "2024.03.16"]
[Round "3.62"]
[White "Halldorsson, Bragi"]
[Black "Glasschroeder, Maximilian"]
[Result "1-0"]
[WhiteElo "2056"]
[BlackElo "1833"]
[WhiteFideId "2300907"]
[BlackFideId "34652590"]
[EventDate "2024.03.15"]

1. d4 Nf6 2. Bg5 d5 3. e3 c5 4. c3 Nc6 5. Nf3 Qb6 6. Qb3 c4 7. Qxb6 axb6 8. Nbd2
Bf5 9. a3 e6 10. Be2 Be7 11. Nh4 Bg6 12. Nxg6 hxg6 13. e4 Nh5 14. Be3 g5 15. g3
Kd7 16. O-O-O g6 17. Nf3 Na5 18. exd5 exd5 19. Nxg5 Nb3+ 20. Kc2 f6 21. Bg4+ f5
22. Bf3 Nf6 23. Nf7 Rhg8 24. Ne5+ Kc7 25. Rde1 g5 26. h4 g4 27. Bg2 Ra5 28. Bg5
Rga8 29. Nxc4 1-0

[Event "Reykjavik Open 2024"]
[Site "Reykjavik ISL"]
[Date "2024.03.16"]
[Round "3.63"]
[White "Novak, Vjekoslav"]
[Black "Bottema, Martin"]
[Result "1/2-1/2"]
[WhiteElo "1833"]
[BlackElo "2053"]
[WhiteFideId "14511584"]
[BlackFideId "1011006"]
[EventDate "2024.03.15"]

1. f4 Nf6 2. Nf3 c5 3. b3 g6 4. Bb2 Bg7 5. e3 O-O 6. c4 Nc6 7. Ne5 d6 8. Nxc6
bxc6 9. Be2 a5 10. Nc3 Nd7 11. O-O Nb6 12. Qc2 e5 13. Bf3 Bd7 14. Ne2 Qe7 15. a4
f5 16. fxe5 Bxe5 17. Bxe5 Qxe5 18. Rae1 Rfe8 1/2-1/2

[Event "Reykjavik Open 2024"]
[Site "Reykjavik ISL"]
[Date "2024.03.16"]
[Round "3.64"]
[White "Paasikangas, Johanna"]
[Black "Oskarsson, Markus Orri"]
[Result "1-0"]
[WhiteTitle "FM"]
[WhiteElo "2046"]
[BlackElo "1816"]
[WhiteFideId "500879"]
[BlackFideId "2320118"]
[EventDate "2024.03.15"]

1. d4 Nf6 2. Bg5 d5 3. e3 Nbd7 4. Nc3 h6 5. Bh4 e6 6. a3 c6 7. Nf3 Be7 8. Bd3
O-O 9. O-O c5 10. Re1 Re8 11. Ne5 Nxe5 12. dxe5 Nd7 13. Bg3 a6 14. Qh5 c4 15.
Bf1 Bc5 16. Bf4 Nf8 17. Red1 b5 18. Ne4 Be7 19. Nd6 Bxd6 20. exd6 Ng6 21. Bg3
Qg5 22. Qxg5 hxg5 23. a4 Bd7 24. axb5 axb5 25. f3 Reb8 26. Be1 Ne5 27. Ba5 Nc6
28. Bc7 Rc8 29. b3 Nb4 30. bxc4 dxc4 31. e4 Nxc2 32. Rac1 Ne3 33. Rd2 Nxf1 34.
Kxf1 Ra3 35. Rb2 Rca8 36. Ke2 Rd3 37. h3 Raa3 38. Rcb1 Re3+ 39. Kf2 Reb3 40. Ke2
Re3+ 41. Kf2 Kh7 42. Bb6 Red3 43. Bc5 Ra8 44. Bb4 e5 45. Ke2 Kg6 46. Rd1 Rxd1
47. Kxd1 Kf6 48. Kd2 Ra1 49. Ke3 Ke6 50. Ke2 Rg1 51. Ke3 g6 52. Kf2 Ra1 53. Ke3
f5 54. exf5+ gxf5 55. Ke2 Rg1 56. Kf2 Rc1 57. Ke2 Rg1 58. Kf2 Ra1 59. Ke3 Bc6
60. Kf2 f4 61. Re2 Rd1 62. Rb2 Be8 63. Ke2 Ra1 64. Kf2 Bd7 65. Re2 Rc1 66. Ba3
Ra1 67. Bb4 Rd1 68. Rb2 Kd5 69. Ke2 Rd4 70. Kf2 Rd3 71. Ke2 e4 72. fxe4+ Kxe4
73. Kf2 Kd4 74. Re2 Re3 75. Rd2+ Ke4 76. Ra2 Kd5 77. Rd2+ Ke6 78. Rb2 Bc6 79.
Rd2 Kd7 80. Bc5 Rd3 81. Re2 Bb7 82. Re7+ Kc6 83. Rc7+ Kd5 84. d7 Ke6 85. Rxb7
Rxd7 86. Rxb5 c3 87. Ba3 c2 88. Ke2 Rd1 89. Rc5 Rg1 90. Kf2 Ra1 91. Bb2 Ra2 92.
Rxc2 Kf5 93. Kf3 Ra5 94. Rc3 Ra4 95. Rc5+ Kg6 96. Rb5 Ra6 97. Kg4 Ra4 98. Rxg5+
Kh7 99. Rb5 Rc4 100. Be5 Rc2 101. Kf3 Kg6 102. Bxf4 Ra2 103. h4 Ra3+ 104. Be3
Kh7 105. g4 Kg8 106. h5 Kh7 107. g5 Kg8 108. Kf4 Ra8 109. g6 Re8 110. h6 Rf8+
111. Kg5 Re8 112. Bd4 1-0

[Event "Reykjavik Open 2024"]
[Site "Reykjavik ISL"]
[Date "2024.03.16"]
[Round "3.65"]
[White "Gortemaker, Lucas"]
[Black "Vollmar, Timo"]
[Result "1-0"]
[WhiteElo "2032"]
[BlackElo "1809"]
[WhiteFideId "1013394"]
[BlackFideId "16253582"]
[EventDate "2024.03.15"]

1. e4 e5 2. Nf3 Nc6 3. Bb5 a6 4. Bxc6 dxc6 5. O-O Be6 6. d4 exd4 7. Nxd4 Qd7 8.
Nxe6 Qxe6 9. Bf4 Rd8 10. Nd2 Bd6 11. Bxd6 Rxd6 12. Qe2 Ne7 13. f4 O-O 14. f5 Qe5
15. Nf3 Qc5+ 16. Kh1 Re8 17. Qf2 Qxf2 18. Rxf2 Red8 19. g4 f6 20. Re1 Rd1 21.
Rxd1 Rxd1+ 22. Kg2 Nc8 23. Rd2 Rxd2+ 24. Nxd2 Nd6 25. Kf3 Kf7 26. Kf4 Ke7 27. e5
fxe5+ 28. Kxe5 Ne8 29. g5 Nd6 30. c4 c5 31. b3 b5 32. cxb5 axb5 33. Kd5 Nxf5 34.
Kxc5 Nd6 35. Kc6 Kd8 36. a4 bxa4 37. bxa4 Kc8 38. Kd5 Kd7 39. Nb3 c6+ 40. Kd4
Kc7 41. Ke5 Nf7+ 42. Kf5 Nd8 43. h4 Kd6 44. a5 c5 45. a6 Nc6 46. Ke4 c4 47. Nd4
c3 48. Nb5+ Kc5 49. Nxc3 Kb6 50. Kd5 Ne7+ 51. Ke6 Ng6 52. Nd5+ Kxa6 53. h5 Nh4
54. Nf6 Ng2 55. Kf7 gxf6 56. gxf6 Nf4 57. h6 Ng6 58. Kg7 Kb6 59. Kxh7 1-0

[Event "Reykjavik Open 2024"]
[Site "Reykjavik ISL"]
[Date "2024.03.16"]
[Round "3.66"]
[White "Petursson, Gudni"]
[Black "Arun, Nitish"]
[Result "1/2-1/2"]
[WhiteElo "1983"]
[BlackElo "1808"]
[WhiteFideId "2301725"]
[BlackFideId "2524201"]
[EventDate "2024.03.15"]

1. e4 e5 2. Nf3 Nc6 3. Bb5 a6 4. Bxc6 dxc6 5. O-O Bg4 6. d3 Qf6 7. b3 Bxf3 8.
Qxf3 Qxf3 9. gxf3 Bc5 10. Be3 Bxe3 11. fxe3 1/2-1/2

[Event "Reykjavik Open 2024"]
[Site "Reykjavik ISL"]
[Date "2024.03.16"]
[Round "3.67"]
[White "Petersen, Elias"]
[Black "Bertola, Georges"]
[Result "1/2-1/2"]
[WhiteElo "1808"]
[BlackElo "2010"]
[WhiteFideId "7202725"]
[BlackFideId "1307967"]
[EventDate "2024.03.15"]

1. c4 e5 2. g3 Nc6 3. Bg2 g6 4. Nc3 Bg7 5. Nf3 Nge7 6. O-O O-O 7. d3 d6 8. a3 a5
9. e3 h6 10. Qc2 Be6 11. b3 Qd7 12. Re1 Rae8 13. Bb2 Bh3 14. Bh1 f5 15. Rac1 f4
16. Nd5 fxg3 17. fxg3 Rf7 18. Bg2 Ref8 19. Rf1 Bxg2 20. Qxg2 e4 21. Nd4 Nxd4 22.
Bxd4 Bxd4 23. Nxe7+ Qxe7 24. exd4 exd3 25. Rxf7 Qe3+ 26. Qf2 Qxc1+ 27. Qf1 Qe3+
28. Qf2 Qc1+ 29. Qf1 1/2-1/2

[Event "Reykjavik Open 2024"]
[Site "Reykjavik ISL"]
[Date "2024.03.16"]
[Round "3.68"]
[White "Kononova, Alina"]
[Black "Cherukuri, Nitesh"]
[Result "0-1"]
[WhiteElo "1807"]
[BlackElo "2000"]
[WhiteFideId "14137593"]
[BlackFideId "30978688"]
[EventDate "2024.03.15"]

1. e4 c6 2. d4 d5 3. Nc3 dxe4 4. Nxe4 Nf6 5. Nxf6+ exf6 6. Nf3 Bd6 7. Bd3 O-O 8.
O-O Bg4 9. c3 Nd7 10. h3 Bh5 11. Be3 Re8 12. g4 Bg6 13. Bxg6 hxg6 14. Qb3 Qc7
15. Rad1 Rad8 16. d5 c5 17. c4 f5 18. gxf5 gxf5 19. Qc2 f4 20. Bd2 Nf6 21. Ng5
Be5 22. Bc3 Bxc3 23. Qxc3 Re5 24. Nf3 Rh5 25. Kg2 Qd7 26. Rh1 Re8 27. Rde1 Ne4
28. Qd3 Qf5 29. Nd2 f3+ 30. Nxf3 Rg5+ 31. Kf1 Qxf3 0-1

[Event "Reykjavik Open 2024"]
[Site "Reykjavik ISL"]
[Date "2024.03.16"]
[Round "3.69"]
[White "Field, Rowan Soraya"]
[Black "Pozimski, Szymon"]
[Result "0-1"]
[WhiteElo "1806"]
[BlackElo "1999"]
[WhiteFideId "30941326"]
[BlackFideId "1138855"]
[EventDate "2024.03.15"]

1. e4 c5 2. Nf3 Nc6 3. d4 cxd4 4. Nxd4 d5 5. Bb5 dxe4 6. Nxc6 Qxd1+ 7. Kxd1 a6
8. Nd4+ axb5 9. Nxb5 Bg4+ 10. Ke1 O-O-O 11. N1c3 e5 12. h3 Bh5 13. g4 Bg6 14.
Nd1 h5 15. g5 Ne7 16. Ne3 f5 17. Bd2 Nc6 18. Nc4 Bf7 19. Nb6+ Kb8 20. a4 Bc5 21.
Be3 Nd4 22. Nxd4 exd4 23. Bf4+ Bd6 24. Bxd6+ Rxd6 25. a5 f4 26. Rd1 h4 27. c3 d3
28. Kd2 Bh5 29. Rde1 Be2 30. Rhg1 Re8 31. Nc4 Rc6 32. b3 Rxc4 33. Rxe2 dxe2 34.
bxc4 f3 35. Rb1 Rd8+ 36. Kc2 Kc7 37. g6 e3 38. fxe3 f2 0-1

[Event "Reykjavik Open 2024"]
[Site "Reykjavik ISL"]
[Date "2024.03.16"]
[Round "3.70"]
[White "Heppert, Lars"]
[Black "Rajendran, Ishaan"]
[Result "1/2-1/2"]
[WhiteElo "1981"]
[BlackElo "1806"]
[WhiteFideId "24668575"]
[BlackFideId "39910032"]
[EventDate "2024.03.15"]

1. Nf3 d5 2. e3 Nf6 3. c4 e6 4. Nc3 c6 5. b3 Nbd7 6. Bb2 Bd6 7. Qc2 O-O 8. Ng5
h6 9. h4 b6 10. cxd5 exd5 11. Bd3 Bb7 12. Ne2 Be5 13. O-O-O c5 14. f4 Bxb2+ 15.
Kxb2 Rc8 16. Bf5 c4 17. b4 Qe7 18. Bxd7 Qxd7 19. Nd4 hxg5 20. hxg5 Ne4 21. Ka1
f5 22. gxf6 Rxf6 23. g4 Bc6 24. Qb1 Ba4 25. Rdg1 c3 26. g5 c2 27. Qb2 Nf2 1/2-1/2

[Event "Reykjavik Open 2024"]
[Site "Reykjavik ISL"]
[Date "2024.03.16"]
[Round "3.71"]
[White "Visser, Wouter"]
[Black "Bik, Wouter"]
[Result "0-1"]
[WhiteElo "1789"]
[BlackElo "1998"]
[WhiteFideId "1082566"]
[BlackFideId "1037749"]
[EventDate "2024.03.15"]

1. d4 g6 2. e4 Bg7 3. Nc3 d6 4. Be3 a6 5. Qd2 b5 6. a3 Bb7 7. Be2 Nd7 8. h4 h5
9. g4 hxg4 10. Bxg4 Ngf6 11. Bf3 Nb6 12. b3 d5 13. e5 Ne4 14. Nxe4 dxe4 15. Be2
Nd5 16. c4 Nxe3 17. fxe3 c5 18. cxb5 cxd4 19. Qxd4 Qc7 20. bxa6 Bxa6 21. Qa4+
Kf8 22. Rd1 Bb7 23. Qd7 Qc3+ 24. Kf2 Bc6 25. Qd4 Qxd4 26. Rxd4 Bxe5 27. Rc4 Bd5
28. Rc5 e6 29. Bc4 Bxc4 30. Rxc4 Rxa3 31. Rxe4 Bd6 32. Rd4 Ke7 33. Nf3 Rxb3 34.
Ra1 Bc5 35. Re4 Rb2+ 36. Kg3 Bd6+ 37. Kh3 Rf2 38. Ne5 Bxe5 39. Rxe5 Kf6 40. Re4
Kf5 41. Rf4+ Rxf4 42. exf4 Kxf4 43. Rf1+ Ke5 44. Rxf7 g5 45. Rg7 Rxh4+ 46. Kg3
Kf6 47. Rg8 Rf4 48. Rf8+ Ke5 49. Ra8 Ke4 50. Ra5 Rf3+ 51. Kg4 Rf1 52. Rxg5 Rg1+
53. Kh5 Rxg5+ 54. Kxg5 e5 55. Kg4 Ke3 56. Kg3 Ke2 57. Kg2 e4 58. Kg1 e3 59. Kg2
Kd2 60. Kf1 0-1

[Event "Reykjavik Open 2024"]
[Site "Reykjavik ISL"]
[Date "2024.03.16"]
[Round "3.72"]
[White "Opasiak, Dustin Tennessee"]
[Black "Frank, Anton 2006"]
[Result "0-1"]
[WhiteElo "1785"]
[BlackElo "1996"]
[WhiteFideId "24630217"]
[BlackFideId "1752383"]
[EventDate "2024.03.15"]

1. e4 e5 2. Nf3 Nc6 3. Bb5 a6 4. Ba4 Nf6 5. O-O Be7 6. Re1 b5 7. Bb3 O-O 8. c3
d5 9. exd5 Nxd5 10. Nxe5 Nxe5 11. Rxe5 c6 12. Re1 Bd6 13. d3 Bf5 14. Qf3 Re8 15.
Rxe8+ Qxe8 16. Nd2 Qe1+ 17. Nf1 Nf4 18. Bxf4 Qxa1 19. Bxd6 Bg6 20. d4 Re8 21.
Qxc6 Qxf1+ 0-1